000 00199nam a2200085Ia 4500
008 120527s9999 xx 000 0 und d
100 _aMclntyre, J. lisa
245 _aThe Practical skeptic
942 _cBK
999 _c27744
_d27744